| 000 | 01033nam a2200289 i 4500 | ||
|---|---|---|---|
| 001 | 000008409 | ||
| 003 | DO-SdBNP | ||
| 005 | 20260303133932.0 | ||
| 007 | ta | ||
| 008 | 090916s2000 dr a 000 0 spa d | ||
| 040 |
_aDO-SdBNP _bspa _cBNPHU _erda |
||
| 082 | 4 |
_a923.2 _bO48b _222 |
|
| 100 | 1 |
_aOlivero Féliz, Juan Esteban, _922670 _eautor |
|
| 245 | 1 | 0 |
_aBalaguer... : _banecdotario de humor político / _cJuan Esteban Olivero Féliz ; prólogo, Rafael Leonidas Herasme Acosta |
| 264 |
_aSanto Domingo : _bCorripio, _c2000. |
||
| 300 |
_a153 páginas : _bilustraciones, retratos ; _c22 cm. |
||
| 336 |
_2rdacontent _atexto _btxt |
||
| 337 |
_2rdamedia _asin mediación _bn |
||
| 338 |
_2rdacarrier _avolumen _bnc |
||
| 590 | _aInventariado, 2024/BT | ||
| 600 | 1 | 0 |
_a Balaguer, Joaquín, _d1906-2002 _vAnécdotas _976556 |
| 650 | 0 |
_aHumorismo dominicano _9275 |
|
| 650 | 4 |
_aLiteratura dominicana. _967 |
|
| 700 |
_aHerasme Acosta, Rafael Leonidas, _eprólogo _945269 |
||
| 910 | _aValidado. Control de calidad MFF | ||
| 942 |
_2ddc _cLBS1 |
||
| 999 |
_c8180 _d8180 |
||